Aktuálne problémy hudobnej estetiky

Podrobná bibliografia
Hlavný autor: Dlháňová, Božena, 1949- (Autor)
Médium: Článok
Jazyk:slovenčina
Predmet:

MARC

LEADER 00000nab a2200000 a 4500
001 vtls000097578
003 SK-MaSNL
005 20260303231429.0
008 140301c1981 xo 0 slo
015 |a SNBRB19rr/mm-uuuuu 
035 |a CL0107681 
040 |a SNKBUCL  |b slo  |c SNKBUCL  |e AACR2 
041 0 |a slo 
044 |a xo  |c SK 
080 |a 78.072  |2 1981 
100 1 |a Dlháňová, Božena,  |d 1949-  |4 aut  |9 208864 
245 1 0 |a Aktuálne problémy hudobnej estetiky  |c B. Dlháňová 
650 0 7 |a hudba  |2 snkbucl  |9 1063 
650 0 7 |a hudobná estetika  |2 snkbucl  |9 1752 
655 7 |a články z novín a časopisov  |2 snkbucl  |9 267496 
773 0 |t Učiteľské noviny  |g Roč. 31, č. 27 (1981), s. 12 
787 0 8 |i Rec.:  |t Aktuálne problémy hudobnej estetiky  |d Bratislava : Opus, 1980 
850 |a Slovenská národná knižnica v Martine  |a MTA001 
852 |a SNK  |b KIS3GCP 
958 |a RK 
958 |a RU 
992 |a RBX 
999 |c 2266624  |d 2268554